The God makers / (Record no. 898)
[ view plain ]
| 000 -LEADER | |
|---|---|
| fixed length control field | 00885cam a22003135a 4500 |
| 001 - CONTROL NUMBER | |
| control field | 232590 |
| 003 - CONTROL NUMBER IDENTIFIER | |
| control field | OSt |
| 005 - DATE AND TIME OF LATEST TRANSACTION | |
| control field | 20180829200044.0 |
| 008 - FIXED-LENGTH DATA ELEMENTS--GENERAL INFORMATION | |
| fixed length control field | 830831s1984 oru b 00010 eng u |
| 010 ## - LIBRARY OF CONGRESS CONTROL NUMBER | |
| LC control number | 83082319 |
| 020 ## - INTERNATIONAL STANDARD BOOK NUMBER | |
| International Standard Book Number | 0890814023 (pbk.) |
| 035 ## - SYSTEM CONTROL NUMBER | |
| System control number | (CStRLIN)NJPT08145300X |
| 035 ## - SYSTEM CONTROL NUMBER | |
| System control number | (CaOTULAS)108145300 |
| 035 ## - SYSTEM CONTROL NUMBER | |
| System control number | (OCoLC)ocm10893804 |
| 039 0# - LEVEL OF BIBLIOGRAPHIC CONTROL AND CODING DETAIL [OBSOLETE] | |
| Level of rules in bibliographic description | 2 |
| Level of effort used to assign nonsubject heading access points | 3 |
| Level of effort used to assign subject headings | 3 |
| Level of effort used to assign classification | 3 |
| Number of fixed field character positions coded | 3 |
| 040 ## - CATALOGING SOURCE | |
| Transcribing agency | Princeton |
| 050 00 - LIBRARY OF CONGRESS CALL NUMBER | |
| Classification number | BX8645 |
| 082 0# - DEWEY DECIMAL CLASSIFICATION NUMBER | |
| Classification number | 289.3 |
| Edition number | 19 |
| Item number | E211G |
| 100 10 - MAIN ENTRY--PERSONAL NAME | |
| Personal name | Decker, Ed. |
| 245 14 - TITLE STATEMENT | |
| Title | The God makers / |
| Statement of responsibility, etc. | Ed Decker & Dave Hunt. |
| 260 0# - PUBLICATION, DISTRIBUTION, ETC. | |
| Place of publication, distribution, etc. | Eugene, Or. : |
| Name of publisher, distributor, etc. | Harvest House Publishers, |
| Date of publication, distribution, etc. | c1984. |
| 300 ## - PHYSICAL DESCRIPTION | |
| Extent | 263, [9] p. ; |
| Dimensions | 21 cm. |
| 504 ## - BIBLIOGRAPHY, ETC. NOTE | |
| Bibliography, etc. note | Bibliography: p. [264]-[272] |
| 610 20 - SUBJECT ADDED ENTRY--CORPORATE NAME | |
| Corporate name or jurisdiction name as entry element | Mormon Church |
| General subdivision | Controversial literature. |
| 690 ## - LOCAL SUBJECT ADDED ENTRY--TOPICAL TERM (OCLC, RLIN) | |
| General subdivision | Religions |
| Chronological subdivision | Cults |
| Geographic subdivision | Mormonism |
| 700 10 - ADDED ENTRY--PERSONAL NAME | |
| Personal name | Hunt, Dave. |
| 730 01 - ADDED ENTRY--UNIFORM TITLE | |
| Uniform title | God makers (Motion picture) |
| 942 ## - ADDED ENTRY ELEMENTS (KOHA) | |
| Source of classification or shelving scheme | Dewey Decimal Classification |
| Koha item type | Books |
| Withdrawn status | Lost status | Source of classification or shelving scheme | Damaged status | Not for loan | Home library | Current library | Shelving location | Date acquired | Total Checkouts | Full call number | Barcode | Date last seen | Price effective from | Koha item type |
|---|---|---|---|---|---|---|---|---|---|---|---|---|---|---|
| Dewey Decimal Classification | Harvest Mission College | Harvest Mission College | Book Cart | 29.08.2018 | 289.3 E211G | 003668 | 29.08.2018 | 29.08.2018 | Books |
